O polovicu menej, ale silnejšie do roku 2002 zostane na Slovensku len 15 Jednôt SD

Minulosť, súčasnosť a budúcnosť spotrebných družstiev Jednota. V budúcnosti sa Jednota zamerá na supermarkety a vytvorí obchodný reťazec. Stav Jednoty SD v Považskej Bystrici a problém malých obcí. Zľavy pre dôchodcov.

Gespeichert in:
Bibliographische Detailangaben
1. Verfasser: Široký, Vladimír
Format: Buch
Sprache:Slowakisch
Schlagworte:
Tags: Tag hinzufügen
Keine Tags, Fügen Sie das erste Tag hinzu!

MARC

LEADER 00000nam a2200000 4500
001 r030421
005 20230626065312.8
041 0 |a slo 
044 |a SK 
245 1 0 |a O polovicu menej, ale silnejšie  |b do roku 2002 zostane na Slovensku len 15 Jednôt SD  |c Vladimír Široký 
520 |a Minulosť, súčasnosť a budúcnosť spotrebných družstiev Jednota. V budúcnosti sa Jednota zamerá na supermarkety a vytvorí obchodný reťazec. Stav Jednoty SD v Považskej Bystrici a problém malých obcí. Zľavy pre dôchodcov. 
610 2 0 |a družstvá spotrebné 
610 2 0 |a supermarkety 
610 2 0 |a potraviny 
610 2 0 |a ceny 
610 2 0 |a integrácia 
610 2 0 |a konkurencieschopnosť 
610 2 0 |a tovar spotrebný 
610 2 0 |a znižovanie cien 
610 2 0 |a Jednota SD 
610 2 0 |a 2002 
610 2 0 |a 1998-2002 
100 1 |a Široký, Vladimír